<?xml version="1.0" encoding="UTF-8"?>
<record
    xmlns:xsi="http://www.w3.org/2001/XMLSchema-instance"
    xsi:schemaLocation="http://www.loc.gov/MARC21/slim http://www.loc.gov/standards/marcxml/schema/MARC21slim.xsd"
    xmlns="http://www.loc.gov/MARC21/slim">

  <leader>01365nam a22001937a 4500</leader>
  <controlfield tag="003">OSt</controlfield>
  <controlfield tag="005">20140407165832.0</controlfield>
  <controlfield tag="008">140206b        xxu||||| |||| 00| 0 eng d</controlfield>
  <datafield tag="040" ind1=" " ind2=" ">
    <subfield code="c">&#x92E;&#x930;&#x93E;&#x920;&#x940; </subfield>
  </datafield>
  <datafield tag="082" ind1=" " ind2=" ">
    <subfield code="b">228</subfield>
  </datafield>
  <datafield tag="100" ind1=" " ind2=" ">
    <subfield code="a">&#x930;&#x93E;&#x91C;&#x935;&#x93E;&#x921;&#x947;, &#x935;&#x93F;&#x936;&#x94D;&#x935;&#x928;&#x93E;&#x925; &#x915;&#x93E;&#x936;&#x93F;&#x928;&#x93E;&#x925;</subfield>
  </datafield>
  <datafield tag="245" ind1=" " ind2=" ">
    <subfield code="a">&#x92E;&#x930;&#x93E;&#x920;&#x92F;&#x93E;&#x902;&#x91A;&#x94D;&#x92F;&#x93E; &#x907;&#x924;&#x93F;&#x939;&#x93E;&#x938;&#x93E;&#x91A;&#x940; &#x938;&#x93E;&#x927;&#x928;&#x947; : &#x916;&#x902;&#x921; &#x96E; : &#x907;. &#x938;. &#x967;&#x96C;&#x96A;&#x96F; &#x924;&#x947; &#x967;&#x96E;&#x967;&#x96D; &#x92A;&#x930;&#x94D;&#x92F;&#x902;&#x924;&#x91A;&#x947; &#x936;&#x94D;&#x930;&#x940;&#x92E;&#x902;&#x924; &#x917;&#x917;&#x928;&#x935;&#x93E;&#x935;&#x921;&#x947;&#x915;&#x930; &#x92A;&#x902;&#x924;&#x906;&#x92E;&#x924;&#x94D;&#x92F; &#x92F;&#x93E;&#x902;&#x91A;&#x94D;&#x92F;&#x93E; &#x926;&#x92A;&#x94D;&#x924;&#x930;&#x93E;&#x924;&#x940;&#x932; &#x932;&#x947;&#x916;</subfield>
  </datafield>
  <datafield tag="260" ind1=" " ind2=" ">
    <subfield code="a">&#x915;&#x94B;&#x932;&#x94D;&#x939;&#x93E;&#x92A;&#x941;&#x930; </subfield>
    <subfield code="b">&#x936;&#x94D;&#x930;&#x940; &#x938;&#x92E;&#x930;&#x94D;&#x925;&#x92A;&#x94D;&#x930;&#x938;&#x93E;&#x926; &#x91B;&#x93E;&#x92A;&#x916;&#x93E;&#x928;&#x94D;&#x92F;&#x93E;&#x902;&#x924; &#x91B;&#x93E;&#x92A;&#x93F;&#x932;&#x947;</subfield>
    <subfield code="c">1903</subfield>
  </datafield>
  <datafield tag="300" ind1=" " ind2=" ">
    <subfield code="a">&#x969;&#x96C;&#x96C; &#x92A;&#x943;&#x937;&#x94D;&#x920;&#x947;</subfield>
  </datafield>
  <datafield tag="520" ind1=" " ind2=" ">
    <subfield code="a">&#x92E;&#x930;&#x93E;&#x920;&#x92F;&#x93E;&#x902;&#x91A;&#x94D;&#x92F;&#x93E; &#x907;&#x924;&#x93F;&#x939;&#x93E;&#x938;&#x93E;&#x91A;&#x940; &#x938;&#x93E;&#x927;&#x928;&#x947;, &#x926;&#x92A;&#x94D;&#x924;&#x930; -&#x936;&#x94D;&#x930;&#x940;&#x92E;&#x902;&#x924; &#x917;&#x917;&#x928;&#x935;&#x93E;&#x935;&#x921;&#x947;&#x915;&#x930; &#x92A;&#x902;&#x924;&#x906;&#x92E;&#x924;&#x94D;&#x92F; &#x92F;&#x93E;&#x902;&#x91A;&#x94D;&#x92F;&#x93E; &#x926;&#x92A;&#x94D;&#x924;&#x930;&#x93E;&#x924;&#x940;&#x932; &#x932;&#x947;&#x916;</subfield>
  </datafield>
  <datafield tag="653" ind1=" " ind2=" ">
    <subfield code="a">&#x92E;&#x930;&#x93E;&#x920;&#x92F;&#x93E;&#x902;&#x91A;&#x94D;&#x92F;&#x93E; &#x907;&#x924;&#x93F;&#x939;&#x93E;&#x938;&#x93E;&#x91A;&#x940; &#x938;&#x93E;&#x927;&#x928;&#x947;, &#x926;&#x92A;&#x94D;&#x924;&#x930;-&#x936;&#x94D;&#x930;&#x940;&#x92E;&#x902;&#x924; &#x917;&#x917;&#x928;&#x935;&#x93E;&#x935;&#x921;&#x947;&#x915;&#x930; </subfield>
  </datafield>
  <datafield tag="856" ind1=" " ind2=" ">
    <subfield code="u">http://dspace.vpmthane.org:8080/jspui/bitstream/123456789/3569/1/228Rajwade_Granth_Mala_Vol-8.pdf</subfield>
  </datafield>
  <datafield tag="942" ind1=" " ind2=" ">
    <subfield code="2">ddc</subfield>
    <subfield code="c">EBOOK</subfield>
  </datafield>
  <datafield tag="999" ind1=" " ind2=" ">
    <subfield code="c">837023</subfield>
    <subfield code="d">837020</subfield>
  </datafield>
  <datafield tag="952" ind1=" " ind2=" ">
    <subfield code="0">0</subfield>
    <subfield code="1">0</subfield>
    <subfield code="2">ddc</subfield>
    <subfield code="4">0</subfield>
    <subfield code="7">0</subfield>
    <subfield code="a">VPMDIGI</subfield>
    <subfield code="b">VPMDIGI</subfield>
    <subfield code="d">2014-02-06</subfield>
    <subfield code="l">0</subfield>
    <subfield code="o">228</subfield>
    <subfield code="p">VPMDIGI-228</subfield>
    <subfield code="r">2014-02-06 00:00:00</subfield>
    <subfield code="u">http://dspace.vpmthane.org:8080/jspui/bitstream/123456789/3569/1/228Rajwade_Granth_Mala_Vol-8.pdf</subfield>
    <subfield code="w">2014-02-06</subfield>
    <subfield code="y">EBOOK</subfield>
  </datafield>
</record>
